| 000 | 00751nam a22002057a 4500 | ||
|---|---|---|---|
| 005 | 20240705160319.0 | ||
| 008 | 240705b ||||| |||| 00| 0 eng d | ||
| 040 | _cAL | ||
| 041 | _aKannada | ||
| 082 |
_223 _a920K _bGOPN |
||
| 100 |
_aU Gopalakrishna Bhat L T ಯು ಗೋಪಾಲಕೃಷ್ಣ ಭಟ್ ಎಲ್ ಟಿ _9172748 |
||
| 245 |
_aNanna Scouting Nenapinangaladinda _bನನ್ನ ಸ್ಕೌಟಿಂಗ್ ನೆನಪಿನಂಗಳದಿಂದ |
||
| 260 |
_aMangaluru _bGovardhana Prakashana _c2020 |
||
| 300 |
_axiv,144 p. _bPB _c21.5x13.6 cm. |
||
| 365 |
_b₹110.00 _c₹ _d₹110.00 |
||
| 650 |
_aBiography _9172643 |
||
| 650 |
_aScouting Movement _9172644 |
||
| 700 |
_aBHAT (U Gopalkrishna) _9172636 |
||
| 942 |
_2ddc _cDB |
||
| 999 |
_c231387 _d231387 |
||